000
00275nam a2200121 a 4500
001
4140
005
20140414132024.0
008
090218s19uu xx 00 eng d
050
_a
TR
_b
H87 2000
100
_a
Arnold, Tedd
245
_a
Huggly goes to school.
999
_c
113525
_d
113525